Statistics for Mlb 15 The Show 50 highest rated players

Click here to take the quiz!

General Stats

  • This quiz has been taken 863 times
    (858 since last reset)
  • The average score is 12 of 50

Answer Stats

HintAnswer% Correct
99Mike Trout
94%
99Clayton Kershaw
73%
99Miguel Cabrera
63%
88David Ortiz
44%
89Josh Donaldson
44%
94Max Scherzer
43%
91Jose Altuve
42%
94Giancarlo Stanton
40%
93Buster Posey
39%
97Felix Hernandez
36%
96Andrew McCutchen
34%
89Jose Bautista
34%
92Felix Bumgarner
33%
90Yasiel Puig
31%
92David Price
29%
95Robinson Cano
28%
89Aroldis Chapman
27%
93Chris Sale
27%
87Adam Jones
25%
90Yadier Molina
25%
92Dustin Pedroia
24%
89Zack Greinke
24%
93Adrian Beltre
23%
89Jon Lester
22%
91Stephen Strasburg
22%
96Troy Tulowitzki
22%
90Corey Kluber
21%
92Jose Fernandez
20%
91Matt Harvey
19%
93Adam Wainwright
18%
96Craig Kimbrel
18%
87Yoenis Cespedes
18%
87David Wright
16%
92Johnny Cueto
16%
89Jose Abreu
16%
87Kyle Seager
14%
94Paul Goldschmidt
14%
90Kenley Jansen
13%
92Yu Darvish
12%
88Cole Hamels
11%
91Masahiro Tanaka
11%
88Jose Reyes
10%
91Carlos Gomez
8%
87Michael Brantley
8%
90Greg Holland
6%
87Jayson Werth
5%
91Jordan Zimmerman
5%
87Ian Desmond
3%
90Sean Doolittle
2%
88Jake Mcgee
1%

Score Distribution

Percentile by Number Answered

Percent of People with Each Score

Your Score History

You have not taken this quiz since the last reset